Discours médiatique en temps de crise globale et son impact sur les jeunes bakalárska práca
Guardado en:
| Autor principal: | |
|---|---|
| Autor Corporativo: | |
| Otros Autores: | |
| Formato: | Libro |
| Lenguaje: | francés |
| Publicado: |
Bratislava
2022
|
| Etiquetas: |
Sin Etiquetas, Sea el primero en etiquetar este registro!
|
MARC
| LEADER | 00000nbm a2200000 4500 | ||
|---|---|---|---|
| 001 | 0284753 | ||
| 005 | 20230512121754.5 | ||
| 041 | 0 | |a fre | |
| 044 | |a SK | ||
| 245 | 1 | 0 | |a Discours médiatique en temps de crise globale et son impact sur les jeunes |b bakalárska práca |c Karolína Bauerová ; školiteľ: Iveta Rizeková |
| 264 | 1 | |a Bratislava |c 2022 | |
| 300 | |a 47 s. | ||
| 100 | 1 | |a Bauerová, Karolína | |
| 700 | 1 | |a Rizeková, Iveta, 1961- | |
| 710 | 2 | |a Fakulta aplikovaných jazykov EU v Bratislave. Katedra románskych a slovanských jazykov | |